000 01243nam a22003970a 4500
001 PT22903
003 AR-LpoUNG
005 20210131233121.0
008 191001s2006||||ag |||||||||||||||||spa d
020 _a9875800759
_c$7,4
040 _aAR-LpoUNG
_bspa
_cAR-LpoUNG
_eaacr
041 _aspa
044 _aag
082 0 _a982.064 538muj
100 1 _aDiana, Marta
245 1 0 _aMujeres guerrilleras :
_bsus testimonios en la militancia de los setenta
250 _a3§ ed.
260 _aBuenos Aires :
_bBooket,
_c2006.
300 _a451 p. :
_bil.
520 _aTestimonio fiel y emocionante de una época muy especial en la historia argentina evocada desde una óptica femenina: acciones, amores, ideales, hijos y miedos son revelados aquí, en cada una de las historias personales que integran estos apasionantes relatos.
650 4 _aANALISIS HISTORICO
650 4 _aARGENTINA
650 4 _aDICTADURA
650 4 _aGOBIERNO MILITAR
650 4 _aGOLPES DE ESTADO
650 4 _aGUERRA CIVIL
650 4 _aGUERRILLEROS
650 4 _aHISTORIA SOCIAL
650 4 _aMUJERES
650 4 _aREVOLUCION
650 4 _aTERRORISMO
650 4 _aTORTURA
653 _aMONTONEROS
905 _a22903
942 _cLIB
999 _c19260
_d19260